000 00307nam a22001337a 4500
008 170601b xxu||||| |||| 00| 0 eng d
020 _a9780312116811
041 _aeng
080 _a94(7/8(
100 _a17
101 _aSHH
245 _aTHE JAPANESE DISCOVERY OF AMERICA
_cDUUS.P
942 _2udc
_cBK
999 _c15350
_d15350